مکتوبات جوش ملسیانی (Record no. 170879)

MARC details
000 -LEADER
fixed length control field 00572nam a22001937a 4500
005 - DATE AND TIME OF LATEST TRANSACTION
control field 20191227162802.0
010 ## - LCCN (DPL NO)
LC control number 829239
020 ## - INTERNATIONAL STANDARD BOOK NUMBER
Terms of availability 16.00
035 ## - SYSTEM CONTROL NUMBER
System control number 829239
037 ## - SOURCE OF ACQUISITION
Source of stock number/acquisition BPPD/Pub.
082 ## - DEWEY DECIMAL CLASSIFICATION NUMBER
Classification number 841
100 ## - MAIN ENTRY--PERSONAL NAME
Personal name کالیرا سں گوپتا رضا
245 ## - TITLE STATEMENT
Title مکتوبات جوش ملسیانی
Statement of responsibility, etc کالیرا سں گوپتا رضا
246 ## - VARYING FORM OF TITLE
Title proper/short title Maktubaat Josh Mulsiyani (Urdu) /
Remainder of title by Gupta Raza
260 ## - PUBLICATION, DISTRIBUTION, ETC. (IMPRINT)
Place of publication, distribution, etc -
Name of publisher, distributor, etc Vimal Publlications
Date of publication, distribution, etc 1976 ء
270 ## - ADDRESS
Address -
City -
Postal code -
300 ## - PHYSICAL DESCRIPTION
Extent 176p.
Dimensions 21cm(Hb)
942 ## - ADDED ENTRY ELEMENTS (KOHA)
Source of classification or shelving scheme Dewey Decimal Classification
Item type Urdu Bks
Classification part 841
Call number suffix ج و ش
Holdings
Withdrawn status Lost status Not for loan Collection code Home library Current library Date acquired Source of acquisition Cost, normal purchase price Full call number Barcode Copy number Cost, replacement price Koha item type
      Non-fiction Central Library Central Library 27/12/2019 BPPD/Ven. 16.00 841 ج و ش 829239 1 16.00 Urdu Bks

© Delhi Public Library
Hit Counter
free hit counter